| 000 | 01267cam a22003131 4500 | ||
|---|---|---|---|
| 001 | 76620 | ||
| 003 | BD-RjUL | ||
| 005 | 20211209082851.0 | ||
| 008 | 191226s1966 iluab b 000 0 eng | ||
| 035 | _a(BD-RjUL)76844 | ||
| 040 |
_aDLC _cODaWU _dOCoLC _dDLC _beng |
||
| 041 | 0 |
_aeng _bger |
|
| 042 | _apremarc | ||
| 082 |
_a381.094346 _222 _bBAM 1966 |
||
| 100 | 1 |
_aBarnum, H. Gardiner. _9224906 |
|
| 245 | 1 | 0 |
_aMarket centers and hinterlands in Baden-Württemberg. _bMarktzentren und Hinterländer in Baden-Württemberg / _c[by] H. Gardiner Barnum. |
| 260 |
_aChicago : _b[Dept. of Geography, University of Chicago] , _c1966. |
||
| 300 |
_axix, 173 p. : _billus., maps.; _c23 cm. |
||
| 490 | 1 |
_aUniversity of Chicago. Dept. of Geography. Research paper _vno. 103 |
|
| 500 | _a"Report no. 27, Foreign field research program, administered by the Division of Earth Sciences, National Academy of Sciences-National Research Council." | ||
| 500 | _aSummary in German. | ||
| 504 | _aBibliography: p. 169-171. | ||
| 650 | 0 |
_aMarkets _zGermany _zBaden-Württemberg. _9236933 |
|
| 651 | 0 |
_aBaden-Württemberg (Germany) _xCommerce. _9236934 |
|
| 906 |
_a7 _bcbc _coclcrpl _du _encip _f19 _gy-gencatlg |
||
| 942 |
_2ddc _cBK |
||
| 999 |
_c76620 _d76620 |
||